India and the world (Record no. 1393082)

MARC details
000 -LEADER
fixed length control field 00564nam a2200205Ia 4500
005 - DATE AND TIME OF LATEST TRANSACTION
control field 20250508165103.0
008 - FIXED-LENGTH DATA ELEMENTS--GENERAL INFORMATION
fixed length control field 008 250505s9999 xx 000 0 eng d
037 ## - SOURCE OF ACQUISITION
Stock number Textual
040 ## - CATALOGING SOURCE
Original cataloging agency FEDL
Language of cataloging eng
Transcribing agency FEDL
041 ## - LANGUAGE CODE
Language code of text/sound track or separate title eng
Source of code eng
084 ## - COLON CLASSIFICATION NUMBER
Classification number 954, CHI
Assigning agency FEDL
245 #0 - TITLE STATEMENT
Title India and the world
245 #0 - TITLE STATEMENT
Statement of responsibility, etc. Children's Book Trust
260 ## - PUBLICATION, DISTRIBUTION, ETC.
Place of publication, distribution, etc. New Delhi, India
Name of publisher, distributor, etc. Children's Book Trust
Date of publication, distribution, etc. 1989
300 ## - PHYSICAL DESCRIPTION
Extent 128p.
365 ## - TRADE PRICE
Price type code INR
Price amount 15
546 ## - LANGUAGE NOTE
Language note MACESE; Thus spoke Jawaharlal Nehru
942 ## - ADDED ENTRY ELEMENTS (KOHA)
Koha item type Textual
Classification part 954, CHI
Holdings
Withdrawn status Lost status Damaged status Not for loan Home library Current library Date acquired Cost, normal purchase price Total Checkouts Full call number Barcode Date last seen Price effective from Koha item type
        Department of Education Library Department of Education Library 2025-05-08 15.00   954, CHI EL0086713 2025-05-08 2025-05-08 Textual
Copyright @ Delhi University Library System